Normal view MARC view
  • Shafer, Boyd C

Entry Personal Name

Number of records used in: 1

001 - CONTROL NUMBER

  • control field: 105258

003 - CONTROL NUMBER IDENTIFIER

  • control field: NUST

005 - DATE AND TIME OF LATEST TRANSACTION

  • control field: 20221220094318.0

008 - FIXED-LENGTH DATA ELEMENTS

  • fixed length control field: 221220|| aca||aabn | a|a d

040 ## - CATALOGING SOURCE

  • Original cataloging agency: NUST
  • Transcribing agency: NUST

100 ## - HEADING--PERSONAL NAME

  • Personal name: Shafer, Boyd C

670 ## - SOURCE DATA FOUND

  • Source citation: Work cat.: (NUST)184976: Shafer, Boyd C., Faces of nationalism;, [1974, c1972]
© 2023 Central Library, National University of Sciences and Technology. All Rights Reserved.